Stati attraversati dal 90° Meridiano Ovest - Statistics

Statistiche generali
  • Questo quiz è stato fatto 8 volte
  • Il punteggio medio è 5 su 5
Statistiche sulle risposte
Continente Stato % Corretto
America del Nord Canada
100%
America del Nord Messico
100%
America del Nord Stati Uniti
100%
America del Nord Guatemala
86%
America del Nord El Salvador
71%
Nessun quiz corrispondente trovato
Distribuzione punteggi
Percentuale di utenti per punteggio
Percentile per numero di risposta
I tuoi punteggi nel tempo
Non hai fatto questo quiz